Statistics for Dinosaurs of Jurassic Park.

Click here to take the quiz!

General Stats

  • This quiz has been taken 111 times
    (45 since last reset)
  • The average score is 20 of 39

Answer Stats

First film featured inDinosaur% Correct
Jurassic ParkVelociraptor
88%
Jurassic ParkBrachiosaurus
85%
Jurassic ParkTyrannosaurus Rex
85%
Jurassic ParkTriceratops
79%
Jurassic WorldIndominus Rex
76%
Jurassic Park IIISpinosaurus
76%
The Lost World: Jurassic ParkStegosaurus
73%
Jurassic Park IIIAnkylosaurus
70%
Jurassic ParkDilophosaurus
70%
Jurassic World: Fallen KingdomAllosaurus
67%
Jurassic World: Fallen KingdomIndoraptor
64%
The Lost World: Jurassic ParkPteranodon
64%
Jurassic ParkGallimimus
61%
Jurassic ParkParasaurolophus
61%
Jurassic WorldApatosaurus
58%
The Lost World: Jurassic ParkPachycephalosaurus
58%
Jurassic World: Fallen KingdomBaryonyx
55%
Jurassic World: Fallen KingdomCarnotaurus
55%
Jurassic World: DominionGiganotosaurus
55%
Jurassic WorldMosasaurus
55%
Jurassic Park IIICeratosaurus
52%
The Lost World: Jurassic ParkCompsognathus
52%
Jurassic Park IIICorythosaurus
45%
Jurassic World Dimorphodon
45%
Jurassic World: DominionTherizinosaurus
45%
The Lost World: Jurassic ParkMamenchisaurus
42%
Jurassic World: Fallen KingdomSinoceratops
42%
Jurassic World: DominionQuetzalcoatlus
36%
Jurassic World: Fallen KingdomStygimoloch
36%
Jurassic World: DominionDreadnoughtus
33%
Jurassic World: DominionIguanodon
33%
Jurassic World: DominionOviraptor
30%
Jurassic World: DominionPyroraptor
30%
Jurassic World: DominionAtrociraptor
27%
Jurassic World: DominionDimetrodon
27%
Jurassic World: DominionLystrosaurus
27%
Jurassic World: DominionNasutoceratops
27%
Jurassic World: DominionMoros Intrepidus
24%
Jurassic World: DominionMicroceratus
12%

Score Distribution

Percentile by Number Answered

Percent of People with Each Score

Your Score History

You have not taken this quiz since the last reset